Подробности
| 000 -МАРКЕР |
| контрольное поле |
01520nam0a22003011 4500 |
| 001 - ИДЕНТИФИКАТОР ЗАПИСИ |
| контрольное поле |
rc\511049 |
| 005 - ИДЕНТИФИКАТОР ВЕРСИИ |
| контрольное поле |
20250621113108.0 |
| 035 ## - ДРУГИЕ СИСТЕМНЫЕ НОМЕРА |
| Идентификатор записи |
(NLR Aleph) 005751086 |
| 100 ## - ДАННЫЕ ОБЩЕЙ ОБРАБОТКИ |
| Данные общей обработки |
20030616d1987 |||y0rusy50 ca |
| 101 0# - ЯЗЫК РЕСУРСА |
| Язык текста, звукозаписи и т.д. |
русский |
| 102 ## - СТРАНА ПУБЛИКАЦИИ ИЛИ ПРОИЗВОДСТВА |
| Страна публикации |
Российская Федерация |
| 105 ## - ПОЛЕ КОДИРОВАННЫХ ДАННЫХ: ТЕКСТОВЫЕ МАТЕРИАЛЫ, МОНОГРАФИЧЕСКИЕ |
| Кодированные данные о монографическом текстовом документе |
y ||||||||| |
| 200 1# - ЗАГЛАВИЕ И СВЕДЕНИЯ ОБ ОТВЕТСТВЕННОСТИ |
| Основное заглавие |
ИССЛЕДОВАНИЕ взаимодействия пограничных слоев атмосферы и океана |
| Сведения, относящиеся к заглавию |
Анализ соврем. состояния и оценка перспектив. направлений работ в рамках программы "Разрезы" |
| Первые сведения об ответственности |
[Подгот.: Р.С. Бортковский, Ю.А. Волков, А.А. Грачев и др.] |
| Последующие сведения об ответственности |
Под ред. Ю.А. Волкова, В.Н. Лыкосова |
| -- |
АН СССР и др. |
| 210 ## - ПУБЛИКАЦИЯ, РАСПРОСТРАНЕНИЕ И ДР. |
| Место издания, распространения и т.д. |
М. |
| Имя издателя, распространителя и т. д. |
Б. и. |
| Дата издания, распространения и т.д. |
1987 |
| 215 ## - ФИЗИЧЕСКАЯ ХАРАКТЕРИСТИКА |
| Специфическое обозначение материала и объем |
[2], 63 с. |
| Размеры |
19 |
| 300 ## - ОБЩИЕ ПРИМЕЧАНИЯ |
| Текст примечания |
В надзаг. также: Госкомгидромет СССР, Гос. ком. СССР по науке и технике |
| 300 ## - ОБЩИЕ ПРИМЕЧАНИЯ |
| Текст примечания |
Рез. на англ. яз. |
| 320 ## - ПРИМЕЧАНИЯ О НАЛИЧИИ В ДОКУМЕНТЕ БИБЛИОГРАФИИ / УКАЗАТЕЛЯ |
| Текст примечания |
Библиогр.: с. 51-63 |
| 702 #1 - ИМЯ ЛИЦА - ВТОРИЧНАЯ ОТВЕТСТВЕННОСТЬ |
| Начальный элемент ввода |
Бортковский |
| Часть имени, кроме начального элемента ввода |
Р. С. |
| Расширение инициалов личного имени |
Роман Семенович |
| Код отношения |
Прочие |
| 702 #1 - ИМЯ ЛИЦА - ВТОРИЧНАЯ ОТВЕТСТВЕННОСТЬ |
| Код отношения |
Редактор |
| Начальный элемент ввода |
Волков |
| Часть имени, кроме начального элемента ввода |
Ю. А. |
| Дополнения к именам, кроме дат |
канд. физ.-мат. наук, океанология |
| Даты |
-2007 |
| Расширение инициалов личного имени |
Юрий Александрович |
| Системный номер авторитетной/нормативной записи |
140415 |
| Идентификатор авторитетной/нормативной записи |
RU\NLR\AUTH\770140451 |
| 712 01 - НАИМЕНОВАНИЕ ОРГАНИЗАЦИИ - ВТОРИЧНАЯ ОТВЕТСТВЕННОСТЬ |
| Начальный элемент ввода |
АН СССР |
| 801 #0 - ИСТОЧНИК ЗАПИСИ |
| Страна |
Российская Федерация |
| Организация |
NLR |
| Правила каталогизации |
psbo |
| 801 #1 - ИСТОЧНИК ЗАПИСИ |
| Страна |
Российская Федерация |
| Организация |
ELAR |
| Источник данных |
rusmarc |
| 852 ## - МЕСТОНАХОЖДЕНИЕ И ШИФР ХРАНЕНИЯ |
| Идентификатор организации |
NLR |
| Шифр хранения (Call Number) |
88-4/11902 |
| 942 ## - ДОПОЛНИТЕЛЬНЫЕ ЭЛЕМЕНТЫ ЗАПИСИ (АБИС) |
| Тип экземпляра АБИС |
Книга |
| 980 ## - КОЛЛЕКЦИЯ |
| Название коллекции |
Национальная библиография |